| 000 | 00632nam a2200217Ia 4500 | ||
|---|---|---|---|
| 003 | OSt | ||
| 005 | 20250625165418.0 | ||
| 008 | 210707s1983 xx 000 0 und d | ||
| 040 | _cAL | ||
| 041 | _aKannada | ||
| 082 | _aK894.1 SHIN | ||
| 100 |
_aShivarudrappa ,G S ಶಿವರುದ್ರಪ್ಪ ,ಜಿ ಎಸ್ _9134194 |
||
| 245 |
_aNanna ninna naduve. _b ನನ್ನ ನಿನ್ನ ನಡುವೆ |
||
| 260 |
_aBengaluru _bVishva Kannada Sammelana _c1983 |
||
| 300 | _aviii,210 p | ||
| 365 |
_b2 _cINR |
||
| 563 | _aPB | ||
| 650 |
_aKannada Poetry _9134195 |
||
| 906 | _anaduve. Nanna ninna | ||
| 942 |
_2ddc _cBK |
||
| 999 |
_c180130 _d180130 |
||